STIP Symposium on Solar/ interPlanetary intervals (Record no. 8244)

MARC details
000 -LEADER
fixed length control field 00858nam a2200205Ia 4500
003 - CONTROL NUMBER IDENTIFIER
control field IN-BaIIA
008 - FIXED-LENGTH DATA ELEMENTS--GENERAL INFORMATION
fixed length control field 211028s9999 xx 000 0 eng d
040 ## - CATALOGING SOURCE
Transcribing agency IIA Library
080 ## - UNIVERSAL DECIMAL CLASSIFICATION NUMBER
Universal Decimal Classification number 523.9
Item number STIP
111 ## - MAIN ENTRY--MEETING NAME
Meeting name or jurisdiction name as entry element Maynooth Symposium on Solar/ interplanetary intervals
Location of meeting Maynooth
Date of meeting or treaty signing 1982 Aug. 4-6
9 (RLIN) 13828
245 #0 - TITLE STATEMENT
Title STIP Symposium on Solar/ interPlanetary intervals
Remainder of title proceedings of the Maynooth Symposium on Solar/ interPlanetary intervals, held in Maynooth, Ireland, 4-6 August 1982
Statement of responsibility, etc. edited by M.A. Shea and D.F. Smart and S.M.P. McKenna-Lawlor.
260 ## - PUBLICATION, DISTRIBUTION, ETC.
Place of publication, distribution, etc. Ireland
Name of publisher, distributor, etc. Royal Irish Academy
Date of publication, distribution, etc. 1984
300 ## - PHYSICAL DESCRIPTION
Extent [various pagings.]
650 ## - SUBJECT ADDED ENTRY--TOPICAL TERM
Topical term or geographic name entry element Astronomy and Astrophysics thesaurus
650 ## - SUBJECT ADDED ENTRY--TOPICAL TERM
Topical term or geographic name entry element InterPlanetary Physics
9 (RLIN) 13829
650 ## - SUBJECT ADDED ENTRY--TOPICAL TERM
Topical term or geographic name entry element Solar Physics
700 ## - ADDED ENTRY--PERSONAL NAME
Personal name Mckenna-Lawlor, S. M. P., ed.
9 (RLIN) 13830
700 ## - ADDED ENTRY--PERSONAL NAME
Personal name Shea, M. A., ed.
9 (RLIN) 9897
942 ## - ADDED ENTRY ELEMENTS (KOHA)
Koha item type Books
Holdings
Withdrawn status Lost status Damaged status Not for loan Home library Current library Shelving location Date acquired Total Checkouts Full call number Barcode Date last seen Price effective from Koha item type
        IIA Library-Bangalore IIA Library-Bangalore General Stacks 30/04/1985   523.9/ STIP 9088 05/11/2021 30/04/1985 Books

Powered by Koha